<?xml version="1.0" encoding="UTF-8"?>
<record
    xmlns:xsi="http://www.w3.org/2001/XMLSchema-instance"
    xsi:schemaLocation="http://www.loc.gov/MARC21/slim http://www.loc.gov/standards/marcxml/schema/MARC21slim.xsd"
    xmlns="http://www.loc.gov/MARC21/slim">

  <leader>03396nam a2200409 i 4500</leader>
  <controlfield tag="003">CO-MdUADB</controlfield>
  <controlfield tag="005">20260508095232.0</controlfield>
  <controlfield tag="007">ta</controlfield>
  <controlfield tag="008">230428s1972    sp  |||gr|||| 001 0 spa d</controlfield>
  <datafield tag="024" ind1="7" ind2=" ">
    <subfield code="2">viaf</subfield>
    <subfield code="a">181267137</subfield>
  </datafield>
  <datafield tag="040" ind1=" " ind2=" ">
    <subfield code="a">CO-MdUADB</subfield>
    <subfield code="b">spa</subfield>
    <subfield code="c">CO-MdUADB</subfield>
    <subfield code="e">rda</subfield>
  </datafield>
  <datafield tag="041" ind1="1" ind2=" ">
    <subfield code="a">spa</subfield>
    <subfield code="h">ger</subfield>
  </datafield>
  <datafield tag="082" ind1="0" ind2="4">
    <subfield code="a">330.122</subfield>
    <subfield code="b">S693</subfield>
  </datafield>
  <datafield tag="100" ind1="1" ind2="0">
    <subfield code="a">Sombart, Werner,</subfield>
    <subfield code="d">1863-1941</subfield>
    <subfield code="e">aut</subfield>
    <subfield code="4">aut</subfield>
    <subfield code="0">(isni)0000 0001 2122 2743</subfield>
    <subfield code="0">(viaf)17239301</subfield>
    <subfield code="9">248725</subfield>
  </datafield>
  <datafield tag="245" ind1="1" ind2="3">
    <subfield code="a">El burgu&#xE9;s :</subfield>
    <subfield code="b">contribuci&#xF3;n a la historia espiritual del hombre econ&#xF3;mico moderno / </subfield>
    <subfield code="c">Werner Sombart ; versi&#xF3;n espa&#xF1;ola de Mar&#xED;a Pilar Lorenzo ; revisi&#xF3;n de Miguel Paredes</subfield>
  </datafield>
  <datafield tag="246" ind1="1" ind2="5">
    <subfield code="a">Bourgeois</subfield>
  </datafield>
  <datafield tag="264" ind1=" " ind2="1">
    <subfield code="a">Madrid :</subfield>
    <subfield code="b">Alianza Editorial,</subfield>
    <subfield code="c">1972</subfield>
  </datafield>
  <datafield tag="300" ind1=" " ind2=" ">
    <subfield code="a">371 p&#xE1;ginas ;</subfield>
    <subfield code="c">20 cm.</subfield>
  </datafield>
  <datafield tag="336" ind1=" " ind2=" ">
    <subfield code="2">rdacontent</subfield>
    <subfield code="a">texto</subfield>
    <subfield code="b">txt</subfield>
  </datafield>
  <datafield tag="337" ind1=" " ind2=" ">
    <subfield code="a">no mediado</subfield>
  </datafield>
  <datafield tag="338" ind1=" " ind2=" ">
    <subfield code="a">volumen</subfield>
  </datafield>
  <datafield tag="377" ind1=" " ind2=" ">
    <subfield code="a">ger</subfield>
    <subfield code="l">Alem&#xE1;n</subfield>
  </datafield>
  <datafield tag="380" ind1=" " ind2="7">
    <subfield code="2">lemb</subfield>
    <subfield code="a">Libros de texto</subfield>
  </datafield>
  <datafield tag="490" ind1="0" ind2=" ">
    <subfield code="a">(Alianza Universidad ;</subfield>
    <subfield code="v">27)</subfield>
  </datafield>
  <datafield tag="500" ind1=" " ind2=" ">
    <subfield code="a">BIBLIOTECA CARLOS GAVIRIA D&#xCD;AZ : ANOTACIONES : Texto con ideas resaltadas, con algunas anotaciones en las p&#xE1;ginas : 7, 33, 34, 36, 37, 38 y 39 ; AUT&#xD3;GRAFO : Libro impreso con firma original de Carlos Gaviria D&#xED;az.</subfield>
  </datafield>
  <datafield tag="500" ind1=" " ind2=" ">
    <subfield code="a">Incluye &#xED;ndice.</subfield>
  </datafield>
  <datafield tag="505" ind1="2" ind2=" ">
    <subfield code="g">LIBRO PRIMERO: EL DESARROLLO DEL ESP&#xCD;RITU CAPITALISTA --</subfield>
    <subfield code="t">El esp&#xED;ritu de empresa --</subfield>
    <subfield code="t">El esp&#xED;ritu burgu&#xE9;s --</subfield>
    <subfield code="t">El desarrollo nacional del esp&#xED;ritu capitalista --</subfield>
    <subfield code="t">El burgu&#xE9;s de anta&#xF1;o y de ahora --</subfield>
    <subfield code="g">LIBRO SEGUNDO: LAS FUENTES DEL ESP&#xCD;RITU CAPITALISTA --</subfield>
    <subfield code="t">Los fundamentos biol&#xF3;gicos --</subfield>
    <subfield code="t">Las fuerzas morales --</subfield>
    <subfield code="t">Las circunstancias sociales.</subfield>
  </datafield>
  <datafield tag="520" ind1="1" ind2=" ">
    <subfield code="a">La obra de WERNER SOMBART (1863-1941) se inscribe -como las de Gustav Schm&#xF6;ller, Brentano y, parcialmente, Max Weber- en el &#xE1;mbito de la escuela hist&#xF3;rica alemana, que trat&#xF3; de renovar los estudios econ&#xF3;micos y sociales en una doble direcci&#xF3;n: por un lado, mediante el abandono de los supuestos de vinculaci&#xF3;n causal elementales y reduccionistas y el reconocimiento de la complejidad de las interacciones rec&#xED;procas entre niveles cualitativamente diferentes de la realidad; por otro, a trav&#xE9;s de la reafirmaci&#xF3;n del car&#xE1;cter irrepetible y azaroso del curso de la historia. El esclarecimiento del pasado exige no s&#xF3;lo el conocimiento de la exterioridad del medio social; tambi&#xE9;n precisa el an&#xE1;lisis ps&#xED;quico de la infraestructura que lo anima. EL BURGUES (1913) es una plasmaci&#xF3;n ejemplar de tales criterios metodol&#xF3;gicos: su objetivo es describir el nacimiento y ascenso del representante m&#xE1;s t&#xED;pico del esp&#xED;ritu de nuestro tiempo, no s&#xF3;lo como especie social, sino tambi&#xE9;n como variedad humana dotada de un conjunto particular de facultades morales e intelectuales. Al servicio de esta empresa, Sombart moviliza un enorme material de acontecimientos y hechos concretos y lo somete a una interpretaci&#xF3;n racional, evitando as&#xED; el doble escollo de la erudici&#xF3;n sin hip&#xF3;tesis orientadoras y de la especulaci&#xF3;n no apoyada en datos. (Revisi&#xF3;n extra&#xED;da del libro).</subfield>
  </datafield>
  <datafield tag="521" ind1=" " ind2=" ">
    <subfield code="a">P&#xFA;blico destinatario : P&#xFA;blico general.</subfield>
  </datafield>
  <datafield tag="650" ind1=" " ind2="7">
    <subfield code="a">Burgues&#xED;a</subfield>
    <subfield code="2"></subfield>
    <subfield code="9">152</subfield>
  </datafield>
  <datafield tag="650" ind1=" " ind2=" ">
    <subfield code="a">Historia economica - Siglo XX</subfield>
    <subfield code="9">31151</subfield>
  </datafield>
  <datafield tag="650" ind1=" " ind2="7">
    <subfield code="a">Sociolog&#xED;a</subfield>
    <subfield code="2">lemb</subfield>
    <subfield code="9">112</subfield>
  </datafield>
  <datafield tag="650" ind1=" " ind2=" ">
    <subfield code="a">Capitalismo - Historia</subfield>
    <subfield code="9">43560</subfield>
  </datafield>
  <datafield tag="650" ind1=" " ind2=" ">
    <subfield code="a">Clase media</subfield>
    <subfield code="9">2105</subfield>
  </datafield>
  <datafield tag="700" ind1="1" ind2="0">
    <subfield code="a">Lorenzo, Mar&#xED;a Pilar,</subfield>
    <subfield code="e">trl</subfield>
    <subfield code="4">trl</subfield>
    <subfield code="0">(isni)0000 0000 5921 6085</subfield>
    <subfield code="0">(viaf)7590149108617768780006</subfield>
    <subfield code="9">376444</subfield>
  </datafield>
  <datafield tag="942" ind1=" " ind2=" ">
    <subfield code="2">ddc</subfield>
    <subfield code="c">BOOK</subfield>
  </datafield>
  <datafield tag="999" ind1=" " ind2=" ">
    <subfield code="c">856499</subfield>
    <subfield code="d">856499</subfield>
  </datafield>
  <datafield tag="952" ind1=" " ind2=" ">
    <subfield code="0">0</subfield>
    <subfield code="1">0</subfield>
    <subfield code="4">0</subfield>
    <subfield code="7">0</subfield>
    <subfield code="8">GEN</subfield>
    <subfield code="a">BC</subfield>
    <subfield code="b">BC</subfield>
    <subfield code="d">1997-09-01</subfield>
    <subfield code="i">C78566</subfield>
    <subfield code="l">0</subfield>
    <subfield code="o">330.15 S693b</subfield>
    <subfield code="p">61000001750468</subfield>
    <subfield code="r">2023-04-20 00:00:00</subfield>
    <subfield code="t">1</subfield>
    <subfield code="w">2023-04-20</subfield>
    <subfield code="y">BOOK</subfield>
  </datafield>
  <datafield tag="952" ind1=" " ind2=" ">
    <subfield code="0">0</subfield>
    <subfield code="1">0</subfield>
    <subfield code="2">ddc</subfield>
    <subfield code="4">0</subfield>
    <subfield code="5">1</subfield>
    <subfield code="7">0</subfield>
    <subfield code="8">FCGD</subfield>
    <subfield code="a">BC</subfield>
    <subfield code="b">BC</subfield>
    <subfield code="d">2023-04-28</subfield>
    <subfield code="e">Familia Carlos Gaviria D&#xED;az</subfield>
    <subfield code="f">DONA</subfield>
    <subfield code="g">35000.00</subfield>
    <subfield code="l">0</subfield>
    <subfield code="o">CGD 330.122 S693</subfield>
    <subfield code="p">01102637</subfield>
    <subfield code="r">2023-04-28 00:00:00</subfield>
    <subfield code="w">2023-04-28</subfield>
    <subfield code="y">BOOKI</subfield>
    <subfield code="z">Aut&#xF3;grafos  </subfield>
    <subfield code="z"> Subrayado </subfield>
    <subfield code="z"> Marcas </subfield>
    <subfield code="z"> Anotaciones </subfield>
    <subfield code="z"> </subfield>
  </datafield>
</record>
